[Event "Penang op-B 7th"]
[Site "Penang"]
[Date "2015.12.11"]
[Round "8"]
[White "Yip, Yong"]
[Black "Teoh, Ern Sheng"]
[Result "0-1"]
[WhiteElo "1372"]
[BlackElo "1611"]
[PlyCount "82"]
[EventDate "2015.12.07"]
[EventType "swiss"]
[EventRounds "9"]
[EventCountry "MAS"]
[SourceTitle "CBM 170 Extra"]
[Source "ChessBase"]
[SourceDate "2016.02.25"]
[SourceVersion "1"]
[SourceVersionDate "2016.02.25"]
[SourceQuality "1"]

1. e4 c5 2. Nf3 d6 3. d4 cxd4 4. Nxd4 Nf6 5. Nc3 a6 6. Bg5 e6 7. f4 Be7 8. Qf3 Qc7 9. 0-0-0 Nc6 10. Nb3 Bd7 11. g4 0-0-0 12. Bg2 Kb8 13. Bxf6 Bxf6 14. g5 Be7 15. h4 h6 16. Rhf1 f6 17. g6 Na5 18. Nxa5 Qxa5 19. Kb1 Bc6 20. Qh3 e5 21. Nd5 Rhe8 22. Rd3 exf4 23. Rb3 Qd2 24. Rd3 Qa5 25. Ra3 Qd2 26. Nxf4 d5 27. Rd3 Qa5 28. Qf5 Bb5 29. Nxd5 Bxd3 30. cxd3 Bd6 31. Bh3 Qd2 32. Qf3 Be5 33. Rf2 Qe1+ 34. Kc2 Rd6 35. Rd2 Rc6+ 36. Nc3 Bxc3 37. bxc3 Qa1 38. d4 Qxa2+ 39. Kd1 Qb1+ 40. Ke2 Rxe4+ 41. Kf2 Qe1+ 0-1

[Event "Penang op 6th"]
[Site "Penang"]
[Date "2014.12.11"]
[Round "7"]
[White "Teoh, Ern Sheng"]
[Black "Frost, Peter"]
[Result "1/2-1/2"]
[WhiteElo "1591"]
[BlackElo "1865"]
[PlyCount "100"]
[EventDate "2014.12.08"]
[EventType "swiss"]
[EventRounds "9"]
[EventCountry "MAS"]
[SourceTitle "CBM 163 Extra"]
[Source "ChessBase"]
[SourceDate "2014.12.23"]
[SourceVersion "1"]
[SourceVersionDate "2014.12.23"]
[SourceQuality "1"]

1. e4 e6 2. d4 d5 3. exd5 exd5 4. Bd3 Bd6 5. Nf3 Nf6 6. Bg5 h6 7. Bh4 0-0 8. 0-0 Re8 9. Nbd2 c5 10. c4 Be6 11. Re1 Nc6 12. cxd5 Bxd5 13. Rxe8+ Qxe8 14. Bxf6 gxf6 15. dxc5 Bxc5 16. Qc2 Bd6 17. Ne4 Bxe4 18. Bxe4 Nb4 19. Qc4 Rc8 20. Qd4 Bc5 21. Qxf6 Qxe4 22. Qxh6 Nd3 23. h3 Rc6 24. Qh5 Rg6 25. Ng5 Qxg2+ 26. Kxg2 Nf4+ 27. Kf3 Nxh5 28. h4 Be7 29. Kg4 Bxg5 30. hxg5 Ng7 31. Re1 Rb6 32. b3 Rb4+ 33. f4 Ne6 34. Rf1 Kg7 35. Kf5 a5 36. Rf2 a4 37. bxa4 Rxa4 38. Ke5 Ra5+ 39. Kd6 Nxf4 40. Rxf4 Rxg5 41. Rb4 Rg2 42. Ke5 Re2+ 43. Kf5 Re7 44. Rb6 Rc7 45. Ke5 Rc5+ 46. Kf4 Rc4+ 47. Kf5 Rc5+ 48. Kf4 Rc7 49. Ke5 Rd7 50. Kf4 Rc7 1/2-1/2

[Event "Penang op-B 5th"]
[Site "Penang"]
[Date "2013.12.10"]
[Round "3"]
[White "Teoh, Ern Sheng"]
[Black "Rosaupan, Carlo Magno"]
[Result "0-1"]
[WhiteElo "1597"]
[BlackElo "1846"]
[PlyCount "60"]
[EventDate "2013.12.09"]
[EventType "swiss"]
[EventRounds "9"]
[EventCountry "MAS"]
[SourceTitle "CBM 158 Extra"]
[Source "ChessBase"]
[SourceDate "2014.02.28"]
[SourceVersion "1"]
[SourceVersionDate "2014.02.28"]
[SourceQuality "1"]

1. e4 c5 2. c4 Nc6 3. Nc3 g6 4. g3 Bg7 5. Bg2 Nf6 6. Nge2 0-0 7. 0-0 d6 8. d3 a6 9. a3 Rb8 10. f4 Bg4 11. Qa4 Qc8 12. Rb1 Nd4 13. Nxd4 cxd4 14. e5 dxc3 15. exf6 Bxf6 16. bxc3 Be2 17. Re1 Bxd3 18. Be3 Bxb1 19. Rxb1 b5 20. cxb5 axb5 21. Rxb5 Rxb5 22. Qxb5 Qxc3 23. Qe2 Qa1+ 24. Kf2 Rb8 25. Bd2 Bd4+ 26. Kf3 Qxa3+ 27. Kg4 Qc5 28. Kh3 Qf5+ 29. g4 Rb3+ 30. Bf3 Qd3 0-1